000 00717nam a22002177a 4500
005 20170124110220.0
010 _aA-456643
020 _c00.00
_a8170621178
035 _aA-456643
037 _bCen Lib/Ret
040 _aDPL
_bEN
082 _a954.09
_bHAR
100 _aHarbakhsh Singh
_939667
245 _aWar despatches :
_cby Harbakhsh Singh
_bIndo-Pak Conflict 1965 /
260 _aNew Delhi
_bLancer International
_c1991
270 _aB-3, Gulmohar Park
_bNew Delhi
_e110049
300 _a216p. :
_c24cm(Hb)
_bill.
650 _aIndia-Pakistan Conflict, 1965 -- Personal narratives, East Indian
_939668
650 _aHarbakhsh Singh, -- 1913-1999
_939669
942 _2ddc
_cEN
_h954.09
_mHAR
999 _c134059
_d134059